000 00611nam a2200229Ia 4500
003 OSt
005 20220927104726.0
006 a|||||r|||| 00| 0
007 ta
008 220926b |||||||| |||| 00| 0 eng d
024 _a147152
037 _cReference Collections
040 _aRTL
_cRTL
_beng
041 _2eng
_aeng
082 _a"v2,32y7N, M6/GD"
110 _a"India, Lok Sabha Secretariat"
245 0 _aLok Sabha members 1986
260 _c1986
700 _a"India, Lok Sabha Secretariat"
942 _h"v2,32y7N, M6/GD"
_cCC
999 _c688374
_d688374